000 00816cab a2200253 4500
001 ABS44409
008 090401t1991 xxu||||| |||| 00| 0 eng d
035 _a(Sirsi) u46948
041 _aeng
100 _aHeap, D.
245 _aReforming local government ; or, here we go again
260 _c1991
350 _a0
490 _aJournal of Planning and Environment Law
_v(1991) JPL 403-408(6)
520 _aQuestions the benefits from another reform of local government, running through the history of change in local government to illustrate the argument.
650 _aADMINISTRATION
650 _aCOUNTY BOUNDARIES
650 _aLOCAL GOVERNMENT ACT 1972
650 _aLOCAL GOVERNMENT ACT 1985
650 _aREORGANISATION
690 _aECONOMIC AND SOCIAL
942 _n0
948 _c04/03/1997
999 _c29616
_d29616